000 00695nam a2200229Ia 4500
003 OSt
005 20220925210210.0
006 a|||||r|||| 00| 0
007 ta
008 220923b |||||||| |||| 00| 0 eng d
037 _cGeneral Book
040 _aRTL
_cRTL
_beng
041 _2eng
_aeng
082 _aX.514-8, M1
100 _aChurchill Gilbert A, and others
_9272087
245 0 _aSales force management
_b Planning, implementation a
260 _aIllinois
_bRichard D Irwin
_c1981
300 _axiii,606p
_ccm.
650 _aEconomic Condition Europe
_9234055
942 _hX.514-8, M1
_cGB
_2CC
999 _c554396
_d554396